[Event "POL-chT U20 1st League"]
[Site "Chotowa"]
[Date "2025.06.22"]
[Round "9.8"]
[White "Klim, Juliusz"]
[Black "Etut, Filbert"]
[Result "1/2-1/2"]
[WhiteElo "1991"]
[BlackElo "1938"]
[PlyCount "60"]
[EventDate "2025.06.14"]
[EventType "team-swiss"]
[EventRounds "9"]
[EventCountry "POL"]
[SourceTitle "CB26_2025"]
[SourceDate "2025.06.25"]
[SourceVersion "1"]
[SourceVersionDate "2025.06.25"]
[SourceQuality "1"]
[WhiteTeam "Polonia Warszawa II"]
[BlackTeam "Bialoleka Bohema Sparta"]
[WhiteTeamCountry "POL"]
[BlackTeamCountry "POL"]

1. e4 e5 2. Nf3 Nf6 3. Nxe5 d6 4. Nf3 Nxe4 5. c4 Nc6 6. d3 Nf6 7. d4 d5 8. c5 a6 9. Bd3 Qe7+ 10. Qe2 Qxe2+ 11. Kxe2 Bg4 12. Be3 Nb4 13. Nbd2 Nxd3 14. Kxd3 Bf5+ 15. Ke2 Ng4 16. Bf4 0-0-0 17. Rhe1 Re8+ 18. Kf1 Be7 19. h3 Nf6 20. Re3 Nd7 21. Rae1 Be6 22. b4 Nb8 23. Ne5 Bf6 24. Ndf3 Bxe5 25. Nxe5 Nc6 26. Nxc6 bxc6 27. Be5 Rhg8 28. g4 Bd7 29. a4 f6 30. Bf4 Rxe3 1/2-1/2

[Event "POL-chT U20 1st League"]
[Site "Chotowa"]
[Date "2025.06.17"]
[Round "4.2"]
[White "Trzopek, Fabian"]
[Black "Etut, Filbert"]
[Result "0-1"]
[WhiteElo "1640"]
[BlackElo "1938"]
[PlyCount "106"]
[EventDate "2025.06.14"]
[EventType "team-swiss"]
[EventRounds "9"]
[EventCountry "POL"]
[SourceTitle "CB26_2025"]
[SourceDate "2025.06.25"]
[SourceVersion "1"]
[SourceVersionDate "2025.06.25"]
[SourceQuality "1"]
[WhiteTeam "Chrzanow"]
[BlackTeam "Bialoleka Bohema Sparta"]
[WhiteTeamCountry "POL"]
[BlackTeamCountry "POL"]

1. e4 d6 2. d4 Nf6 3. Nc3 g6 4. Nf3 Bg7 5. Be3 0-0 6. Bc4 c6 7. 0-0 d5 8. exd5 cxd5 9. Bb3 Bg4 10. h3 Bxf3 11. Qxf3 e6 12. Bg5 h6 13. Bh4 Nc6 14. Rad1 Na5 15. Rfe1 Rc8 16. Re2 a6 17. Rdd2 b5 18. a3 Nb7 19. Nd1 a5 20. c3 Nd6 21. Ne3 Nde4 22. Rd1 Qb6 23. Bxf6 Nxf6 24. Ng4 Nd7 25. Qe3 h5 26. Ne5 Bxe5 27. dxe5 Qxe3 28. Rxe3 Rb8 29. Bc2 Rfc8 30. b4 axb4 31. axb4 Nb6 32. Bb3 Ra8 33. Kf1 Ra3 34. Rb1 Nc4 35. Re2 Rca8 36. Bxc4 dxc4 37. Rc2 Rd8 38. Ke2 Rd5 39. f4 Rd3 40. Rbc1 h4 41. Kf2 Kg7 42. Ke2 g5 43. fxg5 Kg6 44. Ke1 Kxg5 45. Ke2 Rg3 46. Kf1 Re3 47. Kf2 Kf4 48. Kf1 Kxe5 49. Re1 Ke4 50. Kf2 Rxe1 51. Kxe1 Kd3 52. Rd2+ Kxc3 53. Rf2 Ra1+ 0-1